Thumbs down to extra rates (Record no. 65567)
[ view plain ]
| 000 -LEADER | |
|---|---|
| fixed length control field | 00981cam a2200217 4500 |
| 001 - CONTROL NUMBER | |
| control field | WB3649-27 |
| 008 - FIXED-LENGTH DATA ELEMENTS--GENERAL INFORMATION | |
| fixed length control field | 000000n2000 000 0 eng u |
| 035 ## - SYSTEM CONTROL NUMBER | |
| System control number | (Sirsi) u109903 |
| 245 ## - TITLE STATEMENT | |
| Title | Thumbs down to extra rates |
| 260 ## - PUBLICATION, DISTRIBUTION, ETC. | |
| Date of publication, distribution, etc. | 2000 |
| 490 ## - SERIES STATEMENT | |
| Series statement | Property Week |
| Volume/sequential designation | 65(48) 8 December 2000, 7(1) |
| 520 ## - SUMMARY, ETC. | |
| Summary, etc. | In research by Fuller Peiser and NACORE, government plans for a tax on businesses to fund local improvements have been convincingly voted against. 93% of business occupiers are opposed to government plans for a supplementary business rate, as set out in the Green Paper "Modernising Local Government Finance". RICS response to the scheme is that the level of the UBR needs to be reduced for a supplementary rate to be accepted by businesses. |
| 590 ## - LOCAL NOTE (RLIN) | |
| Local note | WB |
| 650 ## - SUBJECT ADDED ENTRY--TOPICAL TERM | |
| Topical term or geographic name entry element | UNIFORM BUSINESS RATE |
| 650 ## - SUBJECT ADDED ENTRY--TOPICAL TERM | |
| Topical term or geographic name entry element | SUPPLEMENTARY BUSINESS RATE |
| 650 ## - SUBJECT ADDED ENTRY--TOPICAL TERM | |
| Topical term or geographic name entry element | RICS |
| 650 ## - SUBJECT ADDED ENTRY--TOPICAL TERM | |
| Topical term or geographic name entry element | NACORE |
| 650 ## - SUBJECT ADDED ENTRY--TOPICAL TERM | |
| Topical term or geographic name entry element | FULLER PEISER |
| 690 ## - LOCAL SUBJECT ADDED ENTRY--TOPICAL TERM (OCLC, RLIN) | |
| Topical term or geographic name as entry element | RATING AND LOCAL TAXATION |
| 942 ## - ADDED ENTRY ELEMENTS (KOHA) | |
| Suppress in OPAC | 0 |
| Withdrawn status | Lost status | Source of classification or shelving scheme | Damaged status | Not for loan | Home library | Current library | Shelving location | Date acquired | Total Checkouts | Full call number | Barcode | Date last seen | Copy number | Price effective from | Koha item type |
|---|---|---|---|---|---|---|---|---|---|---|---|---|---|---|---|
| Dewey Decimal Classification | London | London | News article | 12/12/2000 | WB3649-27 | 109903-1001 | 06/08/2019 | 1 | 06/08/2019 | News article |